Directory of research and development activities in the United Kingdom in land survey and related fields (Record no. 88095)

MARC details
000 -LEADER
fixed length control field 00775cam a2200253 4500
001 - CONTROL NUMBER
control field D15330
008 - FIXED-LENGTH DATA ELEMENTS--GENERAL INFORMATION
fixed length control field 090401t1982 xxu||||| |||| 00| 0 eng d
020 ## - INTERNATIONAL STANDARD BOOK NUMBER
International Standard Book Number 0854061525
022 ## - INTERNATIONAL STANDARD SERIAL NUMBER
International Standard Serial Number 0309-2119
035 ## - SYSTEM CONTROL NUMBER
System control number (Sirsi) u21943
041 ## - LANGUAGE CODE
Language code of text/sound track or separate title eng
050 ## - LIBRARY OF CONGRESS CALL NUMBER
Classification number 526.9072
100 ## - MAIN ENTRY--PERSONAL NAME
Personal name Dowman, I. J.
-- Editor
245 ## - TITLE STATEMENT
Title Directory of research and development activities in the United Kingdom in land survey and related fields
250 ## - EDITION STATEMENT
Edition statement 3rd
260 ## - PUBLICATION, DISTRIBUTION, ETC.
Place of publication, distribution, etc. London
Name of publisher, distributor, etc. Surveyors Publications
Date of publication, distribution, etc. 1982
300 ## - PHYSICAL DESCRIPTION
Extent 65p. 21cm
350 ## - PRICE (NR) (BK AM CF MU VM SE) [OBSOLETE]
Price 0
490 ## - SERIES STATEMENT
Series statement Directory of Research and Development Activities
520 ## - SUMMARY, ETC.
Summary, etc. Sponsored by the Photogrammetric Society of the RICS.
710 ## - ADDED ENTRY--CORPORATE NAME
Corporate name or jurisdiction name as entry element Royal Institution of Chartered Surveyors
9 (RLIN) 4900
942 ## - ADDED ENTRY ELEMENTS (KOHA)
Suppress in OPAC 0
948 ## - LOCAL PROCESSING INFORMATION (OCLC); SERIES PART DESIGNATOR (RLIN)
c (OCLC) 04/03/1997
Holdings
Withdrawn status Lost status Source of classification or shelving scheme Damaged status Not for loan Home library Current library Shelving location Date acquired Total Checkouts Full call number Barcode Date last seen Copy number Price effective from Koha item type
    Other/Generic Classification Scheme     London London RICS Boxes 14/09/1999   1982/9 30006930 06/08/2019 1 06/08/2019 Reference material
    Other/Generic Classification Scheme     London London RICS Boxes 08/01/1992   1982/9 30024822 06/08/2019 2 06/08/2019 Archive
    Other/Generic Classification Scheme     London London RICS Boxes 09/08/1991   1982/9 30006931 06/08/2019 3 06/08/2019 Book